Honorific Nicknames in Popular Music #1 - Statistics

General Stats
  • This quiz has been taken 22 times
  • The average score is 8 of 18
Answer Stats
Hint Hint Answer % Correct
Eminem King of Rap
95%
Aretha Franklin Queen of Soul
95%
Britney Spears Princess of Pop
90%
Dolly Parton Queen of Country
85%
Louis Armstrong King of Jazz
85%
Whitney Houston The Voice
60%
Gloria Gaynor Queen of Disco
55%
BLACKPINK Queens of K-Pop
45%
Christina Aguilera Voice of a Generation
40%
Alicia Keys Queen of RB
40%
Janis Joplin Queen of Rock and Roll
30%
Ozzy Osbourne Godfather of Heavy Metal
25%
Avril Lavigne Queen of Pop Punk
25%
Prince The Artist
15%
Mariah Carey Queen of Christmas
10%
Daddy Yankee King of Reggaeton
10%
Lana Del Rey Queen of Alternative Music
5%
Selena Queen of Cumbia
5%
No matching quizzes found
Score Distribution
Percent of People with Each Score
Percentile by Number Answered
Your Score History
You have not taken this quiz